[Event "Hradec Kralove op 11th"]
[Site "Hradec Kralove"]
[Date "2022.11.08"]
[Round "4"]
[White "Navratil, Jiri"]
[Black "Stross, Frantisek"]
[Result "1-0"]
[WhiteElo "1891"]
[BlackElo "1413"]
[PlyCount "65"]
[EventDate "2022.11.05"]
[EventType "swiss"]
[EventRounds "9"]
[EventCountry "CZE"]
[SourceTitle "CBM 211 Extra"]
[Source "ChessBase"]
[SourceDate "2023.01.31"]
[SourceVersion "1"]
[SourceVersionDate "2023.01.31"]
[SourceQuality "1"]

1. d4 d5 2. Nf3 Nc6 3. Bf4 Bf5 4. c3 Bxb1 5. Rxb1 Qd7 6. e3 a6 7. Bd3 e6 8. Qc2 f5 9. b4 Na7 10. a4 Nf6 11. Ne5 Qc8 12. b5 axb5 13. axb5 b6 14. 0-0 Bd6 15. f3 Nh5 16. Bg5 Bxe5 17. dxe5 h6 18. Bh4 g5 19. Bf2 0-0 20. g3 Ng7 21. e4 dxe4 22. fxe4 f4 23. gxf4 Rxf4 24. Be3 Rxf1+ 25. Rxf1 Qe8 26. Qe2 Nc8 27. Rf6 Kh7 28. h4 Ne7 29. hxg5 h5 30. Bc4 Ng8 31. g6+ Kh8 32. Rf7 Qd8 33. Qxh5+ 1-0

[Event "Klatovy op 27th"]
[Site "Klatovy"]
[Date "2019.07.01"]
[Round "3"]
[White "Stross, Frantisek"]
[Black "Bub, Volker"]
[Result "1/2-1/2"]
[WhiteElo "2312"]
[BlackElo "2049"]
[PlyCount "60"]
[EventDate "2019.06.29"]
[EventType "swiss"]
[EventRounds "9"]
[EventCountry "CZE"]
[SourceTitle "EXT 2020"]
[Source "ChessBase"]
[SourceDate "2019.10.17"]
[SourceVersion "1"]
[SourceVersionDate "2019.10.17"]
[SourceQuality "1"]

1. e4 c5 2. Nc3 e6 3. Nf3 a6 4. d4 cxd4 5. Nxd4 Qc7 6. Bd3 Nf6 7. 0-0 d6 8. Bg5 Be7 9. Qe2 Nbd7 10. Kh1 b5 11. a4 b4 12. Na2 Bb7 13. Bd2 Nc5 14. f3 a5 15. Bb5+ Nfd7 16. c3 bxc3 17. Bxc3 0-0 18. Nc1 d5 19. exd5 Bxd5 20. Nd3 Nxd3 21. Qxd3 Ne5 22. Qe2 Bd6 23. Rac1 Qe7 24. Rfe1 Ng6 25. Qf2 Qb7 26. Rcd1 Bc5 27. Qg3 Be7 28. Re2 Bh4 29. Qh3 Bg5 30. Qg4 h6 1/2-1/2

[Event "CZE-chT2B 1718"]
[Site "Czech Republic"]
[Date "2017.12.03"]
[Round "4.1"]
[White "Stross, Frantisek"]
[Black "Kotek, Daniel"]
[Result "1-0"]
[WhiteElo "2265"]
[BlackElo "2236"]
[PlyCount "57"]
[EventDate "2017.10.15"]
[EventType "team-tourn"]
[EventRounds "11"]
[EventCountry "CZE"]
[SourceTitle "EXT 2022"]
[Source "ChessBase"]
[SourceDate "2021.10.06"]
[SourceVersion "1"]
[SourceVersionDate "2021.10.06"]
[SourceQuality "1"]
[WhiteTeam "Bakov nad Jizerou"]
[BlackTeam "Usti nad Labem"]
[WhiteTeamCountry "CZE"]
[BlackTeamCountry "CZE"]

1. e4 e6 2. Qe2 c5 3. Nf3 Nc6 4. g3 Be7 5. Bg2 e5 6. c3 Nf6 7. 0-0 0-0 8. Rd1 Qc7 9. Na3 Re8 10. d4 exd4 11. Bf4 Qb6 12. cxd4 Bf8 13. d5 Rxe4 14. Qf1 Na5 15. Ne5 Ra4 16. Nec4 Nxc4 17. Nxc4 Qa6 18. b3 Rxa2 19. d6 Rb8 20. Be5 b5 21. Ne3 Ne8 22. Qd3 Rxa1 23. Rxa1 Qb6 24. Nd5 Qd8 25. Ne7+ Kh8 26. Qd5 Bxe7 27. dxe7 Qxe7 28. Bxb8 a6 29. Rd1 1-0

[Event "Klatovy op-B 23rd"]
[Site "Klatovy"]
[Date "2017.07.07"]
[Round "7"]
[White "Lukes, Martin"]
[Black "Stross, Frantisek"]
[Result "1-0"]
[WhiteElo "1474"]
[BlackElo "1631"]
[PlyCount "75"]
[EventDate "2017.07.01"]
[EventType "swiss"]
[EventRounds "9"]
[EventCountry "CZE"]
[SourceTitle "EXT 2018"]
[Source "ChessBase"]
[SourceDate "2017.10.13"]
[SourceVersion "1"]
[SourceVersionDate "2017.10.13"]
[SourceQuality "1"]

1. e4 e5 2. Nf3 Nc6 3. Bc4 Nf6 4. d3 Bc5 5. Nc3 d6 6. Be3 Nd4 7. Na4 Bg4 8. Nxc5 dxc5 9. c3 Ne6 10. Bxe6 fxe6 11. Bxc5 b6 12. Ba3 c5 13. h3 Bxf3 14. Qxf3 0-0 15. 0-0-0 Nd5 16. Qg4 Nf4 17. g3 Nxd3+ 18. Kb1 Rf6 19. b3 Qd7 20. Bb2 b5 21. Qe2 c4 22. Rhf1 Raf8 23. Bc1 Rxf2 24. Rxf2 Rb8 25. Rf3 a5 26. Ba3 b4 27. cxb4 axb4 28. Bb2 Qa7 29. bxc4 Ra8 30. Qxd3 Qxa2+ 31. Kc1 h6 32. c5 Rc8 33. Qb5 b3 34. Rxb3 Qa8 35. Rb4 Qa7 36. Rc4 Rb8 37. Rd7 Qa8 38. Qa4 1-0

[Event "Klatovy op 21st"]
[Site "Klatovy"]
[Date "2015.07.01"]
[Round "5"]
[White "Pokrupa, Marek"]
[Black "Stross, Frantisek"]
[Result "0-1"]
[WhiteElo "2139"]
[BlackElo "2326"]
[PlyCount "44"]
[EventDate "2015.06.27"]
[EventType "swiss"]
[EventRounds "9"]
[EventCountry "CZE"]
[SourceTitle "EXT 2016"]
[Source "ChessBase"]
[SourceDate "2015.10.08"]
[SourceVersion "1"]
[SourceVersionDate "2015.10.08"]
[SourceQuality "1"]

1. Nf3 d5 2. c4 c6 3. g3 Nf6 4. Bg2 Bf5 5. cxd5 cxd5 6. Qb3 Nc6 7. Qxb7 Bd7 8. Qb3 e5 9. d3 Rb8 10. Qd1 Bb4+ 11. Nfd2 h5 12. h3 Qc8 13. e3 Bf5 14. Bf1 Qa6 15. Qe2 0-0 16. b3 Rfe8 17. Kd1 Rbc8 18. Bb2 Nd4 19. exd4 exd4 20. Ne4 dxe4 21. dxe4 Nxe4 22. Qf3 Qc6 0-1

[Event "CZE-chT 1415"]
[Site "Czech Republic"]
[Date "2015.03.27"]
[Round "9.6"]
[White "Stross, Frantisek"]
[Black "Meduna, Eduard"]
[Result "1/2-1/2"]
[WhiteElo "2305"]
[BlackElo "2370"]
[PlyCount "36"]
[EventDate "2014.11.01"]
[EventType "team-tourn"]
[EventRounds "11"]
[EventCountry "CZE"]
[SourceTitle "EXT 2016"]
[Source "ChessBase"]
[SourceDate "2015.10.08"]
[SourceVersion "1"]
[SourceVersionDate "2015.10.08"]
[SourceQuality "1"]
[WhiteTeam "Praha Mahrla"]
[BlackTeam "Lysa nad Labem"]
[WhiteTeamCountry "CZE"]
[BlackTeamCountry "CZE"]

1. e4 c6 2. d4 d5 3. e5 Bf5 4. c4 e6 5. Nc3 Ne7 6. a3 dxc4 7. Bxc4 Nd7 8. Nge2 Nb6 9. Bb3 Ned5 10. 0-0 h5 11. Ng3 Bg6 12. f4 Qd7 13. Qf3 Ne7 14. Nce4 Nf5 15. Nxf5 Bxf5 16. Be3 Nd5 17. Bf2 Bg4 18. Qg3 Bf5 1/2-1/2

[Event "Prague Opocensky Memorial"]
[Site "Prague"]
[Date "2014.06.23"]
[Round "2"]
[White "Stross, Frantisek"]
[Black "Suran, Jan"]
[Result "1/2-1/2"]
[WhiteElo "2306"]
[BlackElo "2368"]
[PlyCount "63"]
[EventDate "2014.06.22"]
[EventType "tourn"]
[EventRounds "9"]
[EventCountry "CZE"]
[EventCategory "2"]
[SourceTitle "CBM 161 Extra"]
[Source "ChessBase"]
[SourceDate "2014.08.29"]
[SourceVersion "1"]
[SourceVersionDate "2014.08.29"]
[SourceQuality "1"]

1. e4 g6 2. d4 Bg7 3. Nc3 c6 4. Nf3 d5 5. h3 Nf6 6. Bd3 dxe4 7. Nxe4 Nxe4 8. Bxe4 Nd7 9. c3 Qc7 10. 0-0 0-0 11. Re1 b6 12. Bg5 Nf6 13. Bc2 Bb7 14. Bh4 e6 15. Bg3 Qe7 16. a4 Rfd8 17. Qe2 c5 18. Be5 Nd7 19. Bxg7 Kxg7 20. Be4 Bxe4 21. Qxe4 Nf6 22. Qe2 Qc7 23. Rad1 Rd5 24. Rd2 Rad8 25. Red1 h6 26. dxc5 Qxc5 27. Rd4 R8d7 28. R1d2 Rxd4 29. Rxd4 Rxd4 30. Nxd4 e5 31. Nf3 Nd7 32. Qa6 1/2-1/2

[Event "Prague Opocensky Memorial"]
[Site "Prague"]
[Date "2014.06.22"]
[Round "1"]
[White "Palek, Miroslav"]
[Black "Stross, Frantisek"]
[Result "1/2-1/2"]
[WhiteElo "2225"]
[BlackElo "2306"]
[PlyCount "68"]
[EventDate "2014.06.22"]
[EventType "tourn"]
[EventRounds "9"]
[EventCountry "CZE"]
[EventCategory "2"]
[SourceTitle "CBM 161 Extra"]
[Source "ChessBase"]
[SourceDate "2014.08.29"]
[SourceVersion "1"]
[SourceVersionDate "2014.08.29"]
[SourceQuality "1"]

1. e4 c5 2. Nf3 d6 3. Bb5+ Bd7 4. Bxd7+ Qxd7 5. 0-0 Nc6 6. c3 Nf6 7. d4 Nxe4 8. d5 Ne5 9. Nxe5 dxe5 10. Re1 Nf6 11. c4 0-0-0 12. Nc3 e6 13. Bg5 h6 14. Bh4 Be7 15. Rxe5 Nxd5 16. cxd5 Bxh4 17. Qg4 Bf6 18. dxe6 fxe6 19. Rxc5+ Kb8 20. Qf4+ Ka8 21. g3 Bd4 22. Rc7 e5 23. Rxd7 exf4 24. Rxd8+ Rxd8 25. Rd1 fxg3 26. hxg3 Kb8 27. Kg2 Kc8 28. Rd3 Bf6 29. Nd5 Bxb2 30. Ne7+ Kc7 31. Nd5+ Kc6 32. Ne7+ Kc7 33. Nd5+ Kc6 34. Ne7+ Kc7 1/2-1/2

[Event "Landesliga Nord 1314"]
[Site "Bayern"]
[Date "2014.02.23"]
[Round "7.3"]
[White "Reis, Gerhard"]
[Black "Stross, Frantisek"]
[Result "1/2-1/2"]
[WhiteElo "2202"]
[BlackElo "2301"]
[PlyCount "120"]
[EventDate "2013.10.13"]
[EventType "team"]
[EventRounds "9"]
[EventCountry "GER"]
[SourceTitle "EXT 2015"]
[Source "ChessBase"]
[SourceDate "2014.11.20"]
[SourceVersion "1"]
[SourceVersionDate "2014.11.20"]
[SourceQuality "1"]
[WhiteTeam "Nuernberg Sued SW"]
[BlackTeam "Obernau"]
[WhiteTeamCountry "GER"]
[BlackTeamCountry "GER"]

1. Nf3 Nf6 2. c4 c6 3. Nc3 d5 4. d4 dxc4 5. a4 Bf5 6. e3 e6 7. Bxc4 Bb4 8. 0-0 Nbd7 9. Qe2 0-0 10. e4 Bg6 11. e5 Nd5 12. Nxd5 cxd5 13. Bd3 Rc8 14. Bxg6 fxg6 15. Qb5 a5 16. Qxb7 Rc2 17. Qa6 Qb6 18. Qxb6 Nxb6 19. b3 Rfc8 20. h3 h6 21. Rb1 Nd7 22. Be3 g5 23. Rfd1 Nf8 24. Ne1 Bxe1 25. Rxe1 Ng6 26. g3 Ne7 27. g4 Nc6 28. Rec1 Nxd4 29. Rxc2 Nf3+ 30. Kg2 Nh4+ 31. Kf1 Rxc2 32. Bb6 Nf3 33. Bxa5 d4 34. Rd1 Rb2 35. b4 Nxe5 36. Rxd4 Nc6 37. Rd6 Nxa5 38. bxa5 Rb4 39. Rxe6 Rxa4 40. Ra6 Ra3 41. Kg2 Ra2 42. Ra8+ Kh7 43. a6 Kg6 44. Kf3 Ra3+ 45. Ke4 Rxh3 46. Kd5 Ra3 47. Kc6 h5 48. gxh5+ Kxh5 49. Kb7 Rb3+ 50. Ka7 Rf3 51. Rg8 Rxf2 52. Rxg7 Kh4 53. Kb7 g4 54. a7 Ra2 55. a8Q Rxa8 56. Kxa8 g3 57. Kb7 Kh3 58. Kc6 g2 59. Kd5 Kh2 60. Rxg2+ Kxg2 1/2-1/2

[Event "Landesliga Nord 1314"]
[Site "Bayern"]
[Date "2014.02.09"]
[Round "6.3"]
[White "Stross, Frantisek"]
[Black "Fuhrmann, Max"]
[Result "0-1"]
[WhiteElo "2301"]
[BlackElo "2130"]
[PlyCount "72"]
[EventDate "2013.10.13"]
[EventType "team"]
[EventRounds "9"]
[EventCountry "GER"]
[SourceTitle "EXT 2015"]
[Source "ChessBase"]
[SourceDate "2014.11.20"]
[SourceVersion "1"]
[SourceVersionDate "2014.11.20"]
[SourceQuality "1"]
[WhiteTeam "Obernau"]
[BlackTeam "Kelheim"]
[WhiteTeamCountry "GER"]
[BlackTeamCountry "GER"]

1. Nf3 Nf6 2. g3 d5 3. Bg2 c6 4. 0-0 Bf5 5. d3 h6 6. b3 e6 7. Bb2 Nbd7 8. Nbd2 Bh7 9. c4 Bc5 10. a3 a5 11. Bc3 0-0 12. b4 axb4 13. axb4 Rxa1 14. Qxa1 Be7 15. Qa7 Qc7 16. Ra1 e5 17. Qa3 Rc8 18. Qb3 e4 19. dxe4 Nxe4 20. Nxe4 Bxe4 21. Bh3 Re8 22. c5 Bf8 23. Nd4 b6 24. Bxd7 Qxd7 25. cxb6 Qb7 26. Qa4 Qxb6 27. Qxc6 Qb8 28. Qa4 Rc8 29. Qb3 Rc4 30. f3 Bg6 31. Ra4 Qe5 32. Kg2 Qe3 33. Bb2 Qd2 34. Qa2 Bxb4 35. Qa1 Kh7 36. Qg1 Qxb2 0-1

[Event "Landesliga Nord 1314"]
[Site "Bayern"]
[Date "2013.10.13"]
[Round "1.3"]
[White "Walter, Florian"]
[Black "Stross, Frantisek"]
[Result "1/2-1/2"]
[WhiteElo "2135"]
[BlackElo "2301"]
[PlyCount "33"]
[EventDate "2013.10.13"]
[EventType "team"]
[EventRounds "9"]
[EventCountry "GER"]
[SourceTitle "EXT 2015"]
[Source "ChessBase"]
[SourceDate "2014.11.20"]
[SourceVersion "1"]
[SourceVersionDate "2014.11.20"]
[SourceQuality "1"]
[WhiteTeam "Nuernberg NT II"]
[BlackTeam "Obernau"]
[WhiteTeamCountry "GER"]
[BlackTeamCountry "GER"]

1. c4 e5 2. Nc3 Bb4 3. g3 Bxc3 4. bxc3 d6 5. Bg2 Nc6 6. Nf3 Nge7 7. 0-0 0-0 8. d3 f6 9. Rb1 b6 10. Ne1 Be6 11. Nc2 Qd7 12. Ne3 Bh3 13. Qb3 Bxg2 14. Kxg2 Kh8 15. Qa4 Nb8 16. Qxd7 Nxd7 17. Nd5 1/2-1/2

[Event "Klatovy op-B"]
[Site "Klatovy"]
[Date "2013.07.04"]
[Round "6"]
[White "Jelinek, Lukas"]
[Black "Stross, Frantisek"]
[Result "1/2-1/2"]
[WhiteElo "1690"]
[BlackElo "2301"]
[PlyCount "59"]
[EventDate "2013.06.29"]
[EventType "swiss"]
[EventRounds "9"]
[EventCountry "CZE"]
[SourceTitle "EXT 2014"]
[Source "ChessBase"]
[SourceDate "2013.11.20"]
[SourceVersion "1"]
[SourceVersionDate "2013.11.20"]
[SourceQuality "1"]

1. e4 e5 2. Nf3 Nc6 3. Bc4 Nf6 4. Nc3 Bc5 5. 0-0 d6 6. h3 Be6 7. Bb3 0-0 8. d3 Nd4 9. Bg5 h6 10. Bh4 g5 11. Bg3 Nh5 12. Nxd4 Bxd4 13. Qxh5 Qf6 14. Rab1 c6 15. Ne2 Bb6 16. c3 a5 17. Rbd1 a4 18. Bc2 Kh7 19. a3 Qg7 20. d4 g4 21. h4 Bc4 22. Rfe1 f6 23. dxe5 dxe5 24. Qf5+ Kh8 25. Rd7 Rf7 26. Rxf7 Bxf7 27. Rd1 Re8 28. Bxa4 Be6 29. Qh5 Bf7 30. Qf5 1/2-1/2

[Event "Oberliga Bayern 0910"]
[Site "Bayern"]
[Date "2010.04.11"]
[Round "9.3"]
[White "Stross, Frantisek"]
[Black "Schuster, Karsten"]
[Result "1/2-1/2"]
[WhiteElo "2247"]
[BlackElo "2181"]
[PlyCount "37"]
[EventDate "2009.10.18"]
[EventType "team-tourn"]
[EventRounds "9"]
[EventCountry "GER"]
[SourceTitle "EXT 2011"]
[Source "ChessBase"]
[SourceDate "2010.11.26"]
[SourceVersion "1"]
[SourceVersionDate "2010.11.26"]
[SourceQuality "1"]
[WhiteTeam "Bad Koenigshofen"]
[BlackTeam "Groebenzell"]
[WhiteTeamCountry "GER"]
[BlackTeamCountry "GER"]

1. c4 c6 2. d4 d5 3. Nf3 Nf6 4. Nc3 a6 5. c5 Bg4 6. Ne5 Bf5 7. Qb3 Ra7 8. Bf4 Nbd7 9. h3 Nxe5 10. Bxe5 Nd7 11. Bh2 e5 12. e3 Be7 13. Be2 Bf6 14. Rd1 0-0 15. 0-0 exd4 16. exd4 Re8 17. Rfe1 h6 18. Bf4 Re6 19. Be3 1/2-1/2

[Event "Oberliga Bayern 0708"]
[Site "Bayern"]
[Date "2008.01.20"]
[Round "5.3"]
[White "Meister, Peter"]
[Black "Stross, Frantisek"]
[Result "0-1"]
[WhiteElo "2392"]
[BlackElo "2260"]
[PlyCount "72"]
[EventDate "2007.10.21"]
[EventType "team-tourn"]
[EventRounds "9"]
[EventCountry "GER"]
[SourceTitle "EXT 2009"]
[Source "ChessBase"]
[SourceDate "2008.11.26"]
[SourceVersion "1"]
[SourceVersionDate "2008.11.26"]
[SourceQuality "1"]
[WhiteTeam "Bamberg"]
[BlackTeam "Koenigshofen"]
[WhiteTeamCountry "GER"]
[BlackTeamCountry "GER"]

1. d4 d5 2. c4 e6 3. Nc3 Nf6 4. Bg5 Nbd7 5. e3 c6 6. Nf3 Qa5 7. Nd2 Bb4 8. Qc2 0-0 9. Be2 c5 10. 0-0 cxd4 11. Nb3 Qb6 12. Na4 Qc7 13. Nxd4 dxc4 14. Bxc4 Qa5 15. Bh4 Ne5 16. Bxf6 gxf6 17. Bb3 Bd7 18. a3 Be7 19. Nc3 Rac8 20. Rfd1 Rfd8 21. Qe2 f5 22. Qh5 Nc4 23. Bxc4 Rxc4 24. Ne4 Qe5 25. Ng5 Qg7 26. f4 e5 27. Qe2 Rdc8 28. Ndf3 Ba4 29. Rd2 Rc1+ 30. Rxc1 Rxc1+ 31. Ne1 Bxg5 32. fxg5 Qxg5 33. Qf2 Bc6 34. h4 Qg4 35. Kh2 Rc4 36. e4 Bxe4 0-1

[Event "Oberliga Bayern 0708"]
[Site "Bayern"]
[Date "2007.11.25"]
[Round "3.3"]
[White "Seibold, Hubert"]
[Black "Stross, Frantisek"]
[Result "1/2-1/2"]
[WhiteElo "2127"]
[BlackElo "2319"]
[PlyCount "86"]
[EventDate "2007.10.21"]
[EventType "team-tourn"]
[EventRounds "9"]
[EventCountry "GER"]
[SourceTitle "EXT 2009"]
[Source "ChessBase"]
[SourceDate "2008.11.26"]
[SourceVersion "1"]
[SourceVersionDate "2008.11.26"]
[SourceQuality "1"]
[WhiteTeam "Zirndorf"]
[BlackTeam "Koenigshofen"]
[WhiteTeamCountry "GER"]
[BlackTeamCountry "GER"]

1. e4 g6 2. d4 Bg7 3. c4 d6 4. Nc3 Nf6 5. f4 0-0 6. Nf3 c5 7. d5 e6 8. Be2 exd5 9. cxd5 Bg4 10. e5 Ne8 11. e6 fxe6 12. Ng5 Bxe2 13. Qxe2 Nc7 14. Nxe6 Nxe6 15. Qxe6+ Kh8 16. 0-0 Re8 17. Qh3 Nd7 18. Bd2 c4 19. Rae1 Rxe1 20. Rxe1 Nc5 21. Ne4 Nxe4 22. Rxe4 Qb6+ 23. Qe3 Qxe3+ 24. Bxe3 b5 25. Bd4 Bxd4+ 26. Rxd4 Rc8 27. Kf2 Rc5 28. Ke2 Kg7 29. g4 h6 30. g5 a5 31. Kd2 b4 32. Kc2 hxg5 33. fxg5 Kf7 34. a3 c3 35. axb4 axb4 36. b3 Rb5 37. h4 Kg7 38. Rf4 Kh7 39. Rf7+ Kh8 40. Rf4 Kg7 41. Rd4 Kf7 42. Re4 Kg7 43. Kc1 Kf7 1/2-1/2

[Event "Oberliga Bayern 0708"]
[Site "Bayern"]
[Date "2007.10.21"]
[Round "1.2"]
[White "Stross, Frantisek"]
[Black "Schmidt, Georg"]
[Result "1/2-1/2"]
[WhiteElo "2260"]
[BlackElo "2346"]
[PlyCount "105"]
[EventDate "2007.10.21"]
[EventType "team-tourn"]
[EventRounds "9"]
[EventCountry "GER"]
[SourceTitle "EXT 2009"]
[Source "ChessBase"]
[SourceDate "2008.11.26"]
[SourceVersion "1"]
[SourceVersionDate "2008.11.26"]
[SourceQuality "1"]
[WhiteTeam "Koenigshofen"]
[BlackTeam "Muenchen Tarrasch"]
[WhiteTeamCountry "GER"]
[BlackTeamCountry "GER"]

1. e4 e6 2. d4 d5 3. Nc3 Nf6 4. Bg5 Be7 5. e5 Ne4 6. Bxe7 Qxe7 7. Nxe4 dxe4 8. Qd2 c5 9. 0-0-0 Nc6 10. c3 cxd4 11. cxd4 0-0 12. Qe3 Nb4 13. Kb1 Bd7 14. Qxe4 Ba4 15. Rd2 Bc6 16. Qe3 Qh4 17. f3 Rac8 18. Bc4 Bd5 19. Bxd5 Nxd5 20. Qf2 Qg5 21. Nh3 Qg6+ 22. Ka1 Rc6 23. Qe1 Nb4 24. Qe4 Qxe4 25. fxe4 Rd8 26. Kb1 Rc4 27. Rhd1 Nc6 28. d5 Nxe5 29. dxe6 Rxd2 30. exf7+ Kxf7 31. Rxd2 h6 32. Nf2 Ke6 33. b3 Rc3 34. Kb2 Re3 35. Kc2 a5 36. Kd1 a4 37. Re2 Rc3 38. Rc2 Re3 39. Re2 Rc3 40. Kd2 Rc6 41. Re3 axb3 42. axb3 Ra6 43. Rc3 Kd6 44. h3 Ra2+ 45. Rc2 Ra1 46. Nd1 Nc6 47. Ne3 Ke5 48. Nc4+ Kd4 49. Nd6 Rg1 50. Nb5+ Kxe4 51. Rc4+ Ke5 52. Rg4 g5 53. Kd3 1/2-1/2